Responses for show #5228 - Wednesday, May 9, 2007

2007 College Championship semifinal game 3.
From the University of Southern California.

Contestants

[<< previous game]

Craig Boge, a senior from Stanford University

Pete Troyan, a senior from the University of Michigan

Dean Malec, a junior from Northwestern University

[next game >>]

Jeopardy! Round responses

SPACE EXPLORATION
PARTS OF THE WHOLE
FLAGS
CROSSWORD CLUES "T"
WE ARE THE CHAMPIONS
FIGHT ON!
    $200 26
China

Craig
    $200 21
a refrigerator

Craig
    $200 6
Greenland

Dean
    $200 1
a tail

Craig
    $200 11
Florida

Craig
    $200 16
Waterloo

Pete
    $400 27
Mercury

Craig
    $400 22
a pen

Dean
    $400 7
Queen Elizabeth

Pete
    $400 2
tools

Dean
    $400 12
Tiger Woods

Dean
    $400 20
Vietnam

Dean
    $1,400 28
(Craig: What is Mariner?)

Genesis

Craig
    $600 23
a church

Craig
    $600 8
Tasmania

Dean
    $600 3
Transylvania

Pete
    $600 13
[Crowd cheers]

Bear Bryant

Pete
    $600 19
the Battle of New Orleans

Dean
    $800 29
(Craig: What is Huygens?)

Galileo

PeteCraig
    $800 24
a map

Craig
    $800 9
(Craig: What is the Equator?)
(Dean: What is the Moon?)

the North Pole

PeteCraig
Triple Stumper
    $800 4
a torch

Dean
    $800 14
the New York Yankees

Pete
    $800 17
Thermopylae

Craig
    $1000 30
Voyager

Pete
    $1000 25
a fire extinguisher

Craig
    $1000 10
South Korea

Craig
    $1000 5
Tagore

Triple Stumper
    $1000 15
[Crowd whoops]

(1 of) Reggie Bush, Carson Palmer or Matt Leinart

Craig
    $1000 18
Hastings

Craig

Scores at the first commercial break (after clue 15):

Dean Pete Craig
$2,400 $1,600 $1,600

Scores at the end of the Jeopardy! Round:

Dean Pete Craig
$3,800 $3,600 $4,400

Double Jeopardy! Round responses

WELCOME TO AFRICA
TURRETS SYNDROME
LANGUAGES
THE GALEN CENTER
NEW ROCK
ONLINE WORDS
    $400 7
the bark

Dean
    $400 29
the Muslims (or Moors)

Dean
    $400 2
Burundi

Dean
    $400 21
(Craig: What is Greece?)

Turkey

PeteCraig
    $400 11
(Craig: Who are the Sex Pistols?)

Velvet Revolver

Craig
Triple Stumper
    $400 16
wiki

Triple Stumper
    $800 8
AIDS

Craig
    $800 28
the Dukes

Triple Stumper
    $800 3
(Pete: What is Hebrew?)

Arabic

Pete
Triple Stumper
    $800 30
Alexandria

Craig
    $800 12
the Shins

Craig
    $800 17
open source

Craig
    $1200 1
(Alex: Yes, 2 on each cheek.)

kisses

Dean
    $1200 27
an octagon

Dean
    $1200 4
(Alex: Yes, that's right, and it means "We would like a sandwich and peanuts".)

Swedish

Pete
    $1200 22
air

Dean
    $1200 13
(Pete: Who is, uh, Tila Tequila?)

Lily Allen

DeanPete
    $1200 18
a plug-in

Dean
    $1600 9
South Africa

Craig
    $4,000 25
(Alex: Pope Clement V.)

the papacy

Pete
    $1600 5
Flemish

Dean
    $2,500 23
Hippocrates

Dean
    $1600 14
Fuel

Craig
    $1600 19
an avatar

Triple Stumper
    $2000 10
Cape Verde

Craig
    $2000 26
Lake Geneva

Craig
    $2000 6
(Dean: What is Gaelic?)
(Craig: What is Celtic?)

Old English

DeanCraig
Triple Stumper
    $2000 24
the liver

Pete
    $2000 15
(Dean: What is OK Go?)

Obadiah Parker

Dean
Triple Stumper
    $2000 20
RSS

Craig

Scores at the end of the Double Jeopardy! Round:

Dean Pete Craig
$11,100 $9,200 $14,000

[wagering suggestions for these scores]

Final Jeopardy! Round responses

LINES FROM PLAYS
(Alex: [Revealing Pete's response] And we cannot accept that. You were on the right track, but you are wrong.)
PeteWhat is A Doll's House?
$9,000
DeanWhat is a daughter?
$11,100
CraigWhat is a doll?
$8,222
a doll

Final scores:

Dean Pete Craig
$0 $200 $22,222
3rd place: $10,000 2nd place: $10,000 Finalist

Game dynamics:

Coryat scores:

Dean Pete Craig
$10,200 $6,800 $15,400
18 R
(including 1 DD),
2 W
11 R
(including 1 DD),
3 W
21 R,
6 W
(including 1 DD)

Combined Coryat: $32,400

The J! Archive is created by fans, for fans. The Jeopardy! game show and all elements thereof, including but not limited to copyright and trademark thereto, are the property of Jeopardy Productions, Inc. and are protected under law. This website is not affiliated with, sponsored by, or operated by Jeopardy Productions, Inc. Join the discussion at JBoard.tv.